Absolútne snímače polohy

Saved in:
Bibliographic Details
Main Author: Borš, Ervin (Author)
Other Authors: Balogh, Richard, 1969- (Thesis advisor)
Format: Manuscript Book
Language:Slovak
Published: Bratislava : STU v Bratislave FEI, 2002
Subjects:
Tags: Add Tag
No Tags, Be the first to tag this record!

MARC

LEADER 00000ntm a22000003a 4500
001 stu79136
005 20160719164734.0
008 030221s2002------------------------slo-d
040 |a STU  |b slo 
041 0 |a slo 
100 1 |a Borš, Ervin  |4 aut 
245 1 |a Absolútne snímače polohy 
260 |a Bratislava :  |b STU v Bratislave FEI,  |c 2002 
300 |a 76 s 
650 7 |a automatizácia  |2 stusub 
700 1 |a Balogh, Richard,  |d 1969-  |4 ths  |u E010  |T FEI Ústav riadenia a priemyselnej informatiky  |X 3706  |U E010  |Y E010  |7 A000003706